Statistics for Everton Goalkeeper By Year

Click here to take the quiz!

General Stats

  • This quiz has been taken 163 times
    (105 since last reset)
  • The average score is 27 of 70

Answer Stats

SeasonGoalkeeper% Correct
2022-23Jordan Pickford
99%
2020-21Jordan Pickford
99%
2019-20Jordan Pickford
99%
2018-19Jordan Pickford
99%
2017-18Jordan Pickford
99%
2021-22Jordan Pickford
99%
2010-11Tim Howard
90%
2006-07Tim Howard
90%
2007-08Tim Howard
90%
2008-09Tim Howard
90%
2009-10Tim Howard
90%
2011-12Tim Howard
90%
2012-13Tim Howard
90%
2013-14Tim Howard
90%
2014-15Tim Howard
90%
2015-16Tim Howard
90%
1993-94Neville Southall
49%
1983-84Neville Southall
49%
1984-85Neville Southall
49%
1985-86Neville Southall
49%
1986-87Neville Southall
49%
1981-82Neville Southall
49%
1988-89Neville Southall
49%
1989-90Neville Southall
49%
1990-91Neville Southall
49%
1991-92Neville Southall
49%
1992-93Neville Southall
49%
1987-88Neville Southall
49%
1994-95Neville Southall
49%
1996-97Neville Southall
49%
1995-96Neville Southall
49%
2016-17Joel Robles
37%
2003-04Nigel Martyn
27%
2004-05Nigel Martyn
27%
2005-06Nigel Martyn
27%
2000-01Paul Gerrard
21%
1999-00Paul Gerrard
21%
2002-03Richard Wright
19%
1998-99Thomas Myhre
17%
1997-98Thomas Myhre
17%
1976-77Dai Davies
13%
1974-75Dai Davies
13%
2001-02Steve Simonsen
13%
1971-72Gordon West
11%
1962-63Gordon West
11%
1963-64Gordon West
11%
1965-66Gordon West
11%
1966-67Gordon West
11%
1967-68Gordon West
11%
1968-69Gordon West
11%
1969-70Gordon West
11%
1973-74David Lawson
10%
1975-76David Lawson
10%
1972-73David Lawson
10%
1982-83Jim Arnold
10%
1970-71Andy Rankin
8%
1964-65Andy Rankin
8%
1977-78George Wood
8%
1978-79George Wood
8%
1979-80Martin Hodge
7%
1950-51Ted Sagar
7%
1960-61Albert Dunlop
5%
1959-60Albert Dunlop
5%
1958-59Albert Dunlop
5%
1957-58Albert Dunlop
5%
1956-57Albert Dunlop
5%
1961-62Albert Dunlop
5%
1980-81Seamus McDonagh
5%
1955-56Jimmy O'Neill
1%
1954-55Jimmy O'Neill
1%

Score Distribution

Percentile by Number Answered

Percent of People with Each Score

Your Score History

You have not taken this quiz since the last reset